000 00366pab a2200157 454500
008 180718b2010 xxu||||| |||| 00| 0 eng d
100 _aGautam, Harender Raj
245 _aThe path of Indian agriculture and way ahead
260 _c2010
300 _ap.7-10.
362 _aJan
650 _aAgriculture
773 _aKurukshetra
908 _aN
909 _a85232
999 _c85232
_d85232